Ever After High Trivia Quiz #2 - Statistics

General Stats
  • This quiz has been taken 110 times
  • The average score is 13 of 20
Answer Stats
Question Answer % Correct
Which sport is Lizzie Hearts the team captain of? Croquet
100%
Who is C.A. Cupid's crush? Dexter Charming
100%
Who are the leaders of the Royal and Rebel movements respectively? Apple White and Raven Queen
93%
What can Briar Beauty be found wearing on her head often? Crownglasses
93%
Which one of these characters doesn't fly? Nina Thumbell
93%
Who has a pet named Shuffle? Lizzie Hearts
86%
Which one of these characters leads a band? Sparrow Hood
86%
Which of these princesses does not have a happily ever after? Duchess Swan
79%
Who is NOT a part of Apple White's story? Farrah Goodfairy
79%
Who was crowned the Thronecoming queen? Raven Queen
79%
What class does Professor Card teach? Arts and Crafts
71%
Which of these classes is not exclusively meant for villains? Magicology
71%
Which one of these characters plays the flute? Hunter Huntsman
64%
Which of these characters does not have a destiny? Poppy O'Hair
57%
Which one of these characters is not a twin? Gus Crumb
43%
Which of these characters is vegan? Hunter Huntsman
36%
Which one of these characters is not in Damsel-in-Distressing? Rosabella Beauty
29%
Who has a pet phoenix? Ashlynn Ella
21%
Which of these characters is not in General Villainy? Kitty Cheshire
21%
Which of these places is Faybelle Thorn's former workplace? The Beanstalk Bakery
21%
No matching quizzes found
Score Distribution
Percent of People with Each Score
Percentile by Number Answered
Your Score History
You have not taken this quiz